[Event "Defi Jeunesse qual."]
[Site "Montreal CAN"]
[Date "1997.11.13"]
[Round "1"]
[White "Caplan, Adam"]
[Black "Moss, Laurent"]
[Result "1/2-1/2"]
[WhiteElo "1874"]
[BlackElo "1451"]
[PlyCount "106"]
[GameId "2160767911874371"]
[EventDate "1997.11.15"]
[EventType "swiss"]
[EventRounds "4"]
[EventCountry "CAN"]
[SourceTitle "FQE 01"]

1. c4 e5 2. g3 Nc6 3. Bg2 d6 4. Nc3 g6 5. e4 Bg7 6. Nge2 Nge7 7. O-O Nd4 8. h3 Be6 9. d3 Qd7 10. Kh2 h5 11. f3 O-O-O 12. b4 f5 13. Bg5 Rdf8 14. Nxd4 exd4 15. Nd5 Bxd5 16. exd5 Bh6 17. Bxh6 Rxh6 18. f4 h4 19. Qf3 hxg3+ 20. Qxg3 Rg8 21. Qg5 Rh5 22. Qf6 g5 23. Qf7 Rgh8 24. Rae1 R8h7 25. Qf6 g4 26. Re6 gxh3 27. Bf3 R5h6 28. Qf8+ Qd8 29. Qxd8+ Kxd8 30. Rfe1 Rh4 31. c5 dxc5 32. bxc5 Rxf4 33. Kg3 Rfh4 34. d6 f4+ 35. Kh2 Nc6 36. Bxc6 bxc6 37. Re8+ Kd7 38. R1e7+ Rxe7 39. Rxe7+ Kd8 40. dxc7+ Kc8 41. Rf7 a5 42. a4 Rg4 43. Kxh3 Rg3+ 44. Kh2 Rxd3 45. Rxf4 Kxc7 46. Kg2 Rc3 47. Rxd4 Rxc5 48. Kf3 Re5 49. Rd2 Rd5 50. Rc2 Kd6 51. Ke3 c5 52. Rc4 Kc6 53. Rh4 Rd6 1/2-1/2

[Event "Defi Jeunesse qual."]
[Site "Montreal CAN"]
[Date "1997.11.13"]
[Round "1"]
[White "Gravel, Simon jr"]
[Black "Fortin, Marc"]
[Result "1-0"]
[WhiteElo "1969"]
[BlackElo "1726"]
[PlyCount "125"]
[GameId "2160767911874372"]
[EventDate "1997.11.15"]
[EventType "swiss"]
[EventRounds "4"]
[EventCountry "CAN"]
[SourceTitle "FQE 01"]

1. d4 d5 2. c4 e6 3. Nc3 Nf6 4. Bg5 Be7 5. e3 O-O 6. Nf3 h6 7. Bh4 b6 8. Rc1 Bb7 9. Be2 Nbd7 10. cxd5 exd5 11. O-O c5 12. Bg3 Rc8 13. Nb5 a6 14. Nd6 Bxd6 15. Bxd6 Re8 16. dxc5 Nxc5 17. Bg3 Nfe4 18. Nd4 Qf6 19. Bg4 Rcd8 20. Bc7 Ra8 21. b4 Re7 22. f3 Ng5 23. f4 Rxc7 24. fxg5 Qxg5 25. Qf3 Re8 26. Rc3 Qe5 27. bxc5 bxc5 28. Qf4 Qxf4 29. Rxf4 Rce7 30. Nf5 Rc7 31. Nd6 Rb8 32. Nxf7 Bc8 33. Bxc8 Rbxc8 34. Ne5 Rb7 35. Nd3 c4 36. Rd4 Rf8 37. Nf2 Rb2 38. Nd1 Re2 39. h3 Rxa2 40. Rxd5 Re2 41. Rxc4 Re1+ 42. Kh2 Rff1 43. Rcd4 a5 44. Rd3 h5 45. h4 a4 46. Nb2 Rh1+ 47. Kg3 Re2 48. Nxa4 Rg1 49. Nc3 Rexg2+ 50. Kf3 Rg3+ 51. Kf4 Rg4+ 52. Kf5 Rxh4 53. Ne4 Rhg4 54. Rd2 h4 55. Rd1 g6+ 56. Ke5 Rxd1 57. Rxd1 Kg7 58. Rd7+ Kh6 59. Rh7+ Kxh7 60. Nf6+ Kh6 61. Nxg4+ Kh5 62. Kf4 g5+ 63. Kf5 1-0

[Event "Defi Jeunesse qual."]
[Site "Montreal CAN"]
[Date "1997.11.13"]
[Round "1"]
[White "Richard, Christian"]
[Black "Gulko, Andrei"]
[Result "1-0"]
[WhiteElo "1440"]
[BlackElo "1734"]
[PlyCount "57"]
[GameId "2160767911874373"]
[EventDate "1997.11.15"]
[EventType "swiss"]
[EventRounds "4"]
[EventCountry "CAN"]
[SourceTitle "FQE 01"]

1. d4 g6 2. Nf3 Bg7 3. Bf4 d6 4. Nbd2 Nc6 5. e3 f5 6. c3 e5 7. dxe5 dxe5 8. Bg5 Nf6 9. Nc4 Qxd1+ 10. Rxd1 Ne4 11. Bh4 O-O 12. Bd3 Nxc3 13. bxc3 e4 14. Nd4 exd3 15. Rxd3 Bd7 16. Bg3 Nxd4 17. cxd4 Bb5 18. Rc3 c5 19. Nd6 cxd4 20. exd4 Bc6 21. O-O Bxd4 22. Rc4 Bb6 23. Re1 h6 24. Rh4 h5 25. Re6 Be8 26. Be5 g5 27. Rxh5 Bxh5 28. Rh6 Rf6 29. Bxf6 1-0

[Event "Defi Jeunesse qual."]
[Site "Montreal CAN"]
[Date "1997.11.15"]
[Round "2"]
[White "Caplan, Adam"]
[Black "Richard, Christian"]
[Result "1-0"]
[WhiteElo "1874"]
[BlackElo "1440"]
[PlyCount "107"]
[GameId "2160767911874374"]
[EventDate "1997.11.15"]
[EventType "swiss"]
[EventRounds "4"]
[EventCountry "CAN"]
[SourceTitle "FQE 01"]

1. c4 c5 2. g3 g6 3. Bg2 Bg7 4. Nc3 e5 5. d3 d6 6. Nh3 Ne7 7. O-O Nbc6 8. f4 O-O 9. a3 Qb6 10. Rb1 h6 11. Nf2 f5 12. Bd2 Qc7 13. b4 a6 14. h4 Bd7 15. e3 Kh7 16. Nh3 Rab8 17. Nd5 Nxd5 18. Bxd5 Ne7 19. h5 Nxd5 20. hxg6+ Kxg6 21. cxd5 Be8 22. e4 Kh7 23. Qc2 Bg6 24. Be3 Qd7 25. Kh2 cxb4 26. Rxb4 Rbc8 27. Qb1 b5 28. fxe5 Bxe5 29. exf5 Bxf5 30. Rh4 Bg7 31. Ng5+ Kg8 32. Ne4 Kh7 33. Bf4 Bxe4 34. dxe4 Kg8 35. Rc1 Rf6 36. Rc2 Rc4 37. Qc1 Rxc2+ 38. Qxc2 Qa7 39. Kg2 Kf7 40. Rh1 Qd4 41. Rd1 Qa7 42. Qc8 Bf8 43. Rd2 h5 44. e5 dxe5 45. Bxe5 Qe3 46. Bf4 Qxa3 47. d6 Bxd6 48. Bxd6 Qf3+ 49. Kh2 Qf1 50. Bf4 h4 51. Rd7+ Kg6 52. Qg8+ Kf5 53. Qd5+ Kg6 54. Qg5# 1-0

[Event "Defi Jeunesse qual."]
[Site "Montreal CAN"]
[Date "1997.11.15"]
[Round "2"]
[White "Gottlieb, Jonathan"]
[Black "Gravel, Simon jr"]
[Result "0-1"]
[WhiteElo "1907"]
[BlackElo "1969"]
[PlyCount "150"]
[GameId "2160767911874375"]
[EventDate "1997.11.15"]
[EventType "swiss"]
[EventRounds "4"]
[EventCountry "CAN"]
[SourceTitle "FQE 01"]

1. e4 e6 2. d4 d5 3. exd5 exd5 4. c4 Bb4+ 5. Bd2 Bxd2+ 6. Qxd2 Nf6 7. Bd3 O-O 8. Ne2 dxc4 9. Bxc4 Bf5 10. Nbc3 Nbd7 11. O-O Nb6 12. Bd3 Bxd3 13. Qxd3 c6 14. Ng3 Qd7 15. Rfe1 Rfe8 16. Nge4 Nxe4 17. Nxe4 Qf5 18. f3 Rad8 19. Re2 Nd5 20. Rae1 Re6 21. Nc5 Qxd3 22. Nxd3 Rxe2 23. Rxe2 Kf8 24. Kf2 Ne7 25. Re4 Nf5 26. Nc5 b6 27. Nb3 Re8 28. Ke2 Nd6 29. Rxe8+ Kxe8 30. Kd3 Ke7 31. Nd2 Nf5 32. g4 Nh4 33. Ke4 Ke6 34. Nc4 f5+ 35. gxf5+ Nxf5 36. Nd2 Nd6+ 37. Kd3 Kd5 38. a3 Nf5 39. Nc4 h6 40. f4 Ke6 41. Nd2 Nd6 42. Ne4 Nf5 43. Nf2 Ne7 44. Ke4 Ng8 45. f5+ Kd6 46. Ng4 Nf6+ 47. Nxf6 gxf6 48. b3 h5 49. b4 a6 50. a4 h4 51. h3 a5 52. bxa5 bxa5 53. Ke3 Kd5 54. Kd3 c5 55. dxc5 Kxc5 56. Ke4 Kc4 57. Ke3 Kb4 58. Kd4 Kxa4 59. Kc4 Ka3 60. Kd5 Kb3 61. Ke6 a4 62. Kxf6 a3 63. Ke7 a2 64. f6 a1=Q 65. f7 Qe5+ 66. Kf8 Kc3 67. Kg8 Qg5+ 68. Kh8 Qh6+ 69. Kg8 Kd3 70. f8=Q Qxf8+ 71. Kxf8 Ke4 72. Kg7 Kf4 73. Kg6 Kg3 74. Kf5 Kxh3 75. Ke4 Kg2 0-1

[Event "Defi Jeunesse qual."]
[Site "Montreal CAN"]
[Date "1997.11.15"]
[Round "2"]
[White "Gulko, Andrei"]
[Black "Fortin, Marc"]
[Result "1-0"]
[WhiteElo "1734"]
[BlackElo "1726"]
[PlyCount "116"]
[GameId "2160767911874376"]
[EventDate "1997.11.15"]
[EventType "swiss"]
[EventRounds "4"]
[EventCountry "CAN"]
[SourceTitle "FQE 01"]

1. e4 c5 2. Nf3 d6 3. d4 cxd4 4. Nxd4 Nf6 5. Nc3 Nc6 6. Bg5 e6 7. Qd2 a6 8. O-O-O Be7 9. Kb1 Bd7 10. f4 Qc7 11. Be2 O-O-O 12. Nb3 Na5 13. Nxa5 Qxa5 14. Bh4 Rhe8 15. Bf2 Bc6 16. Bf3 Qc7 17. Qe3 Nd7 18. Ne2 Nc5 19. Nd4 Bf6 20. Nb3 Nxb3 21. cxb3 Rd7 22. Rc1 e5 23. Bg4 exf4 24. Bxd7+ Kxd7 25. Qxf4 Bxe4+ 26. Ka1 Qa5 27. Rhe1 Qd5 28. Qg4+ Bf5 29. Qc4 Qxc4 30. bxc4 Rc8 31. c5 Be5 32. Rcd1 f6 33. cxd6 Rc2 34. Bd4 Bg4 35. Rd3 Be2 36. Rc3 Rxc3 37. Bxc3 Bd3 38. Bxe5 fxe5 39. Rxe5 Kxd6 40. Re8 Bg6 41. Rg8 Be4 42. Rxg7 Ke5 43. b3 Kd4 44. Kb2 Ke3 45. Kc3 Kf2 46. g3 Kg2 47. h4 Kh3 48. Kd4 Bg6 49. Kc5 Be4 50. Kb6 h5 51. a4 Bc2 52. Kxb7 Bxb3 53. a5 Bc4 54. Rg5 Be2 55. Re5 Bf3+ 56. Kxa6 Kxg3 57. Re3 Kg4 58. Rxf3 Kxf3 1-0

[Event "Defi Jeunesse qual."]
[Site "Montreal CAN"]
[Date "1997.11.15"]
[Round "2"]
[White "Moss, Laurent"]
[Black "Dumesnil, Etienne"]
[Result "1-0"]
[WhiteElo "1451"]
[BlackElo "1778"]
[PlyCount "45"]
[GameId "2160767911874377"]
[EventDate "1997.11.15"]
[EventType "swiss"]
[EventRounds "4"]
[EventCountry "CAN"]
[SourceTitle "FQE 01"]

1. d4 d5 2. Nf3 Nf6 3. Bg5 e6 4. e3 Nbd7 5. Nbd2 c6 6. Bd3 Be7 7. c3 O-O 8. O-O Re8 9. Ne5 Nxe5 10. dxe5 Nd7 11. Bxe7 Qxe7 12. f4 f5 13. exf6 Nxf6 14. Nf3 Qc5 15. Qe2 Ng4 16. Bxh7+ Kh8 17. Rae1 e5 18. Bg6 exf4 19. Bxe8 Bf5 20. Nd4 Nxe3 21. Nxf5 Nxf5+ 22. Kh1 Qf8 23. Rxf4 1-0

[Event "Defi Jeunesse qual."]
[Site "Montreal CAN"]
[Date "1997.11.15"]
[Round "3"]
[White "Dumesnil, Etienne"]
[Black "Richard, Christian"]
[Result "1-0"]
[WhiteElo "1778"]
[BlackElo "1440"]
[PlyCount "69"]
[GameId "2160767911874378"]
[EventDate "1997.11.15"]
[EventType "swiss"]
[EventRounds "4"]
[EventCountry "CAN"]
[SourceTitle "FQE 01"]

1. e4 c6 2. d4 d5 3. Nc3 dxe4 4. Nxe4 Bf5 5. Ng3 Bg6 6. h4 h5 7. Nf3 Nd7 8. Bd3 Bxd3 9. Qxd3 e6 10. Bd2 Bd6 11. Ne4 Bc7 12. O-O-O Ngf6 13. Nfg5 Qe7 14. Qb3 O-O-O 15. Bb4 Qe8 16. Qa3 Nd5 17. Qxa7 Nxb4 18. Qa8+ Nb8 19. Nc5 Bf4+ 20. Kb1 Qe7 21. Nge4 b6 22. a3 bxc5 23. axb4 cxd4 24. Nc5 Bd6 25. Rh3 Bxc5 26. bxc5 Qb7 27. Qa4 Qa6 28. Qb4 Rd5 29. Rb3 Kc7 30. Rxd4 Rhd8 31. Rxd5 Rxd5 32. Qxb8+ Kd7 33. Rb7+ Qxb7 34. Qxb7+ Kd8 35. Qxc6 1-0

[Event "Defi Jeunesse qual."]
[Site "Montreal CAN"]
[Date "1997.11.15"]
[Round "3"]
[White "Gottlieb, Jonathan"]
[Black "Moss, Laurent"]
[Result "1/2-1/2"]
[WhiteElo "1907"]
[BlackElo "1451"]
[PlyCount "170"]
[GameId "2160767911874379"]
[EventDate "1997.11.15"]
[EventType "swiss"]
[EventRounds "4"]
[EventCountry "CAN"]
[SourceTitle "FQE 01"]

1. e4 c5 2. Nf3 d6 3. d4 cxd4 4. Nxd4 Nf6 5. Nc3 Nc6 6. Bc4 Bd7 7. Be3 Rc8 8. Qe2 a6 9. O-O-O e6 10. f3 Be7 11. g4 O-O 12. Bb3 b5 13. g5 Ne8 14. f4 Na5 15. Kb1 Nc4 16. Bc1 Qb6 17. f5 a5 18. Rhg1 a4 19. Bxc4 bxc4 20. f6 Nxf6 21. gxf6 Bxf6 22. Bh6 Bxd4 23. Bxg7 Bxg1 24. Qg2 Qf2 25. Qg4 e5 26. Qxg1 Qxg1 27. Rxg1 f5 28. Bxe5+ Kf7 29. Bxd6 Rg8 30. Rd1 Rce8 31. e5 Bc6 32. a3 Rd8 33. Rd4 Rg4 34. Rd2 Ke6 35. Ne2 Be4 36. Nd4+ Kd7 37. Bb4 Re8 38. Nxf5+ Kc7 39. Bd6+ Kd7 40. Ne3 Rh4 41. Re2 Rc8 42. Rf2 Bg6 43. Nd5 Rc6 44. Rd2 Ke6 45. Nc7+ Kf5 46. Nb5 Rb6 47. Nc3 Ra6 48. Rf2+ Ke6 49. Rf6+ Kd7 50. Nb5 Rxh2 51. e6+ Kc6 52. Bxh2 Kxb5 53. Be5 Kc5 54. e7 Rxf6 55. Bxf6 h5 56. Kc1 Bf7 57. Kd2 Kd5 58. Ke3 Ke6 59. Bh4 Kf5 60. Kd4 Kg4 61. Bf2 h4 62. Kc5 h3 63. Bg1 Kf3 64. Bh2 Ke2 65. Kb4 Kd2 66. c3 Be8 67. Kxc4 Kc2 68. Kb4 Kxb2 69. c4 Kc2 70. c5 Kd3 71. Ka5 Kc4 72. Kb6 Kd5 73. Bd6 Bc6 74. Kc7 h2 75. Bxh2 Kxc5 76. Kd8 Kb6 77. e8=Q Bxe8 78. Kxe8 Ka7 79. Kd7 Ka8 80. Kc7 Ka7 81. Kc8 Ka8 82. Bc7 Ka7 83. Bb8+ Ka8 84. Bg3 Ka7 85. Bf2+ Ka8 1/2-1/2

[Event "Defi Jeunesse qual."]
[Site "Montreal CAN"]
[Date "1997.11.15"]
[Round "3"]
[White "Gravel, Simon jr"]
[Black "Caplan, Adam"]
[Result "1-0"]
[WhiteElo "1969"]
[BlackElo "1874"]
[PlyCount "87"]
[GameId "2160767911874380"]
[EventDate "1997.11.15"]
[EventType "swiss"]
[EventRounds "4"]
[EventCountry "CAN"]
[SourceTitle "FQE 01"]

1. d4 Nf6 2. c4 c5 3. d5 b5 4. cxb5 a6 5. e3 axb5 6. Bxb5 Qa5+ 7. Nc3 Bb7 8. Bd2 Qb6 9. Qb3 e6 10. e4 Nxe4 11. Nxe4 Bxd5 12. Qd3 c4 13. Bxc4 Bxe4 14. Qxe4 Nc6 15. Bb3 Bc5 16. Nh3 O-O 17. O-O f5 18. Qf4 Nd4 19. Rfe1 h6 20. Bc3 Nxb3 21. axb3 Rab8 22. Rad1 Rf7 23. Rd3 g5 24. Qe5 Kh7 25. Red1 d5 26. b4 Bxb4 27. Bxb4 Qxb4 28. Qxe6 Qe7 29. Qxe7 Rxe7 30. Rxd5 Rxb2 31. Rxf5 Ree2 32. Kf1 Kg6 33. Rf3 Red2 34. Rxd2 Rxd2 35. Re3 Kf5 36. g3 h5 37. Ra3 Rd5 38. Kg2 Rb5 39. Ng1 g4 40. Ne2 Kg5 41. Ra8 Rb4 42. Ra5+ Kh6 43. Nf4 h4 44. Rh5+ 1-0

[Event "Defi Jeunesse qual."]
[Site "Montreal CAN"]
[Date "1997.11.15"]
[Round "3"]
[White "Gulko, Andrei"]
[Black "Bachand-Fleurent, Julien"]
[Result "1-0"]
[WhiteElo "1734"]
[BlackElo "1659"]
[PlyCount "59"]
[GameId "2160767911874381"]
[EventDate "1997.11.15"]
[EventType "swiss"]
[EventRounds "4"]
[EventCountry "CAN"]
[SourceTitle "FQE 01"]

1. d4 d5 2. c4 c6 3. Nf3 e6 4. Nc3 dxc4 5. e4 b5 6. Be2 Bb7 7. O-O Bb4 8. a4 a6 9. Qc2 Nd7 10. Rd1 Nb6 11. Bg5 Qc7 12. a5 Nd7 13. d5 cxd5 14. exd5 exd5 15. Nxd5 Bxd5 16. Rxd5 f6 17. Qe4+ Ne7 18. Rxd7 Kxd7 19. Rd1+ Bd6 20. Bf4 f5 21. Qe5 Nc8 22. Qxg7+ Kc6 23. Nd4+ Kb7 24. Bf3+ Ka7 25. Nc6+ Kb7 26. Nd8+ Kb8 27. Nc6+ Kb7 28. Ne5+ Ka7 29. Qxh8 Ne7 30. Qxa8# 1-0

[Event "Defi Jeunesse qual."]
[Site "Montreal CAN"]
[Date "1997.11.16"]
[Round "4"]
[White "Bachand-Fleurent, Julien"]
[Black "Caplan, Adam"]
[Result "1/2-1/2"]
[WhiteElo "1639"]
[BlackElo "1874"]
[PlyCount "75"]
[GameId "2160767911874382"]
[EventDate "1997.11.15"]
[EventType "swiss"]
[EventRounds "4"]
[EventCountry "CAN"]
[SourceTitle "FQE 01"]

1. e4 e6 2. d4 d5 3. Nc3 dxe4 4. Nxe4 Nd7 5. Nf3 Ngf6 6. Nxf6+ Nxf6 7. Bd3 c5 8. O-O Qc7 9. Re1 Be7 10. c3 O-O 11. Bg5 b6 12. Qd2 Bb7 13. Kh1 Rad8 14. Rac1 Bxf3 15. gxf3 Qb7 16. Be4 Qa6 17. Rg1 g6 18. Rg3 Nxe4 19. fxe4 Bxg5 20. Qxg5 cxd4 21. Rh3 f6 22. Qh4 Rf7 23. cxd4 Rxd4 24. Rhc3 Qb7 25. Qh6 Rfd7 26. f3 Rd1+ 27. Kg2 Rxc1 28. Qxc1 Kg7 29. Rc6 e5 30. Kg3 h5 31. Qc4 b5 32. Qc5 g5 33. Rc8 Re7 34. Rc6 h4+ 35. Kf2 Qd7 36. Rd6 Qc7 37. Rc6 Qd7 38. Rd6 1/2-1/2

[Event "Defi Jeunesse qual."]
[Site "Montreal CAN"]
[Date "1997.11.16"]
[Round "4"]
[White "Dumesnil, Etienne"]
[Black "Gottlieb, Jonathan"]
[Result "1-0"]
[WhiteElo "1778"]
[BlackElo "1907"]
[PlyCount "68"]
[GameId "2160767911874383"]
[EventDate "1997.11.15"]
[EventType "swiss"]
[EventRounds "4"]
[EventCountry "CAN"]
[SourceTitle "FQE 01"]

1. e4 c5 2. Nf3 d6 3. d4 cxd4 4. Nxd4 Nf6 5. Nc3 a6 6. Bg5 e6 7. f4 b5 8. Qf3 Bb7 9. a3 Nbd7 10. O-O-O Rc8 11. Bd3 Nc5 12. Rhe1 Qa5 13. Qe2 Be7 14. e5 dxe5 15. Qxe5 Ncd7 16. Qe2 Bxa3 17. Nxe6 Ke7 18. Nc5+ Kf8 19. Nxd7+ Nxd7 20. Be7+ Kg8 21. Bxa3 b4 22. Bxb4 Qxb4 23. Bxa6 Qxf4+ 24. Kb1 Qc7 25. Qe7 Nf8 26. Bxb7 Qxe7 27. Rxe7 Rb8 28. Bd5 h6 29. Ne4 Kh7 30. Rxf7 Kg6 31. Rd3 h5 32. Rg3+ Kh6 33. Rfxg7 h4 34. R3g5 Ne6 1-0

[Event "Defi Jeunesse qual."]
[Site "Montreal CAN"]
[Date "1997.11.16"]
[Round "4"]
[White "Fortin, Marc"]
[Black "Moss, Laurent"]
[Result "1-0"]
[WhiteElo "1726"]
[BlackElo "1451"]
[PlyCount "55"]
[GameId "2160767911874384"]
[EventDate "1997.11.15"]
[EventType "swiss"]
[EventRounds "4"]
[EventCountry "CAN"]
[SourceTitle "FQE 01"]

1. e4 c5 2. Nf3 d6 3. d4 cxd4 4. Nxd4 Nf6 5. Nc3 Nc6 6. Bc4 e6 7. Be3 Be7 8. f3 a6 9. Bb3 Qc7 10. Qd2 b5 11. O-O-O O-O 12. g4 Bb7 13. h4 Na5 14. h5 Nc4 15. Bxc4 Qxc4 16. g5 b4 17. Nb1 Nxe4 18. fxe4 Bxe4 19. Rh4 d5 20. Qh2 Bxg5 21. Bxg5 f6 22. Be3 e5 23. Nf5 Qxa2 24. Rxe4 dxe4 25. Qg2 Kf7 26. Qxg7+ Ke6 27. Qe7+ Kxf5 28. Rf1+ 1-0

[Event "Defi Jeunesse qual."]
[Site "Montreal CAN"]
[Date "1997.11.16"]
[Round "4"]
[White "Gravel, Simon jr"]
[Black "Gulko, Andrei"]
[Result "1-0"]
[WhiteElo "1969"]
[BlackElo "1734"]
[PlyCount "101"]
[GameId "2160767911874385"]
[EventDate "1997.11.15"]
[EventType "swiss"]
[EventRounds "4"]
[EventCountry "CAN"]
[SourceTitle "FQE 01"]

1. d4 g6 2. g3 Bg7 3. Bg2 d6 4. Nf3 f5 5. c4 Nf6 6. Nc3 O-O 7. O-O Nc6 8. d5 Ne5 9. Nxe5 dxe5 10. e4 Kh8 11. Re1 Nd7 12. b4 f4 13. g4 Nf6 14. f3 Ne8 15. Kf2 e6 16. h3 Qh4+ 17. Ke2 exd5 18. cxd5 h5 19. Rg1 c6 20. Bd2 Bd7 21. Be1 Qe7 22. dxc6 Bxc6 23. b5 Bxb5+ 24. Nxb5 Qc5 25. Bf2 Qxb5+ 26. Qd3 Qb2+ 27. Qd2 Qb5+ 28. Qd3 Nc7 29. a4 Qb2+ 30. Qd2 Qxd2+ 31. Kxd2 Rfd8+ 32. Ke2 b6 33. gxh5 gxh5 34. h4 Bf8 35. Bh3 Be7 36. Rac1 Na6 37. Rc6 Rd6 38. Rxd6 Bxd6 39. Rg5 Nc5 40. Rxh5+ Kg7 41. Bxc5 bxc5 42. Bf5 c4 43. Rh7+ Kf6 44. Rh6+ Ke7 45. Re6+ Kd7 46. h5 Rb8 47. h6 Rb2+ 48. Kd1 c3 49. h7 Rd2+ 50. Ke1 Rh2 51. Rh6+ 1-0

[Event "Drummondville"]
[Site "Drummondville CAN"]
[Date "1997.08.15"]
[Round "1"]
[White "Boulay, David"]
[Black "Moisan-Plante, Marc-Olivier"]
[Result "1-0"]
[WhiteElo "2003"]
[BlackElo "2184"]
[PlyCount "111"]
[GameId "2160767911932201"]
[EventDate "1997.08.15"]
[EventType "swiss"]
[EventRounds "5"]
[EventCountry "CAN"]
[SourceTitle "EXT 2022"]
[Source "ChessBase"]
[SourceDate "2021.10.06"]
[SourceVersion "1"]
[SourceVersionDate "2021.10.06"]
[SourceQuality "1"]

1. e4 d6 2. d4 Nf6 3. Nc3 g6 4. Nf3 Bg7 5. Bc4 Nc6 6. Bb3 O-O 7. O-O Bg4 8. Be3 Nd7 9. Ne2 Bxf3 10. gxf3 Na5 11. c3 c5 12. f4 Nxb3 13. Qxb3 b6 14. Ng3 e6 15. Rad1 cxd4 16. cxd4 Nf6 17. f3 d5 18. e5 Nd7 19. Rc1 f6 20. Kg2 Bh6 21. Rc6 Qe8 22. Rc7 Qd8 23. Rfc1 Nc5 24. dxc5 Qxc7 25. cxb6 Qb7 26. Rc7 Qa6 27. Qb4 Rf7 28. Rxf7 Kxf7 29. exf6 Bf8 30. Bc5 Qxb6 31. Bxf8 Qxb4 32. Bxb4 Kxf6 33. Bc3+ Ke7 34. Kf2 Kd6 35. Ke3 Kc5 36. Ne2 Rg8 37. Bd4+ Kd6 38. Bxa7 Ra8 39. Nc3 g5 40. Nb5+ Kc6 41. a4 gxf4+ 42. Kxf4 Rg8 43. Bd4 Rg2 44. h4 h5 45. b4 Ra2 46. Nc3 Rd2 47. Ke3 Rh2 48. Bf6 e5 49. Bxe5 Rxh4 50. f4 Rg4 51. Kd4 h4 52. b5+ Kb6 53. Kxd5 h3 54. f5 Rg5 55. Ke6 Rh5 56. Bh2 1-0

[Event "Drummondville"]
[Site "Drummondville CAN"]
[Date "1997.08.15"]
[Round "1"]
[White "Hua, Lefong"]
[Black "Angers, Gilles"]
[Result "1-0"]
[WhiteElo "2210"]
[BlackElo "2017"]
[PlyCount "91"]
[GameId "2160767911932203"]
[EventDate "1997.08.15"]
[EventType "swiss"]
[EventRounds "5"]
[EventCountry "CAN"]
[SourceTitle "EXT 2022"]
[Source "ChessBase"]
[SourceDate "2021.10.06"]
[SourceVersion "1"]
[SourceVersionDate "2021.10.06"]
[SourceQuality "1"]

1. d4 Nf6 2. c4 c5 3. d5 b5 4. cxb5 a6 5. b6 e6 6. Nc3 exd5 7. Nxd5 Nxd5 8. Qxd5 Nc6 9. Nf3 Be7 10. Ne5 O-O 11. Nxc6 dxc6 12. Qxd8 Rxd8 13. e4 Rd4 14. f3 Rb4 15. b3 Bf6 16. Rb1 Rxb6 17. Be3 Bd4 18. Rd1 Rb4 19. Bc4 Be6 20. Bd2 Rb7 21. Bxe6 fxe6 22. Rc1 a5 23. Rc4 e5 24. Ra4 Kf7 25. Ke2 Ke6 26. Rc1 Kd6 27. Rc2 Rb5 28. Kd3 Kc7 29. Rac4 Kd6 30. Rc1 Ke6 31. Ra4 Kd6 32. Rf1 Ke6 33. g3 Ra7 34. Kc2 Ra8 35. f4 Ra7 36. f5+ Kf7 37. g4 Ra8 38. g5 Ra7 39. Rf3 Ra8 40. h4 Kg8 41. h5 c4 42. Rxc4 a4 43. b4 Ra6 44. f6 a3 45. f7+ Kf8 46. g6 1-0

[Event "Drummondville"]
[Site "Drummondville CAN"]
[Date "1997.08.16"]
[Round "2"]
[White "Rousseau, Daniel"]
[Black "Hua, Lefong"]
[Result "0-1"]
[WhiteElo "2017"]
[BlackElo "2210"]
[PlyCount "148"]
[GameId "2160767911932206"]
[EventDate "1997.08.15"]
[EventType "swiss"]
[EventRounds "5"]
[EventCountry "CAN"]
[SourceTitle "hb 2011"]

1. e4 c5 2. Nf3 d6 3. d4 cxd4 4. Nxd4 Nf6 5. Nc3 g6 6. Be2 Bg7 7. O-O Nc6 8. Nb3 O-O 9. Bg5 Be6 10. f4 Rc8 11. f5 Bd7 12. g4 Ne5 13. Bxf6 Bxf6 14. Nd5 Bg7 15. Qd2 e6 16. Nc3 Qh4 17. Qf4 Bh6 18. Qf2 Qxf2+ 19. Kxf2 exf5 20. gxf5 gxf5 21. Nd4 Ng4+ 22. Kg3 f4+ 23. Rxf4 Bxf4+ 24. Kxf4 Ne5 25. Nd5 Kg7 26. Rg1+ Ng6+ 27. Ke3 f5 28. h4 Kh8 29. h5 f4+ 30. Kd2 Ne5 31. b3 f3 32. Bf1 Bg4 33. h6 f2 34. Rg3 Nf3+ 35. Nxf3 Bxf3 36. Ke3 Bh5 37. c4 Rce8 38. Nf4 Re5 39. Nd3 Re7 40. Rh3 Bg4 41. Rg3 Bf5 42. Nxf2 Bxe4 43. Nxe4 Rxf1 44. Kd3 Rf4 45. Nc3 Ref7 46. Rg5 Rf3+ 47. Kd4 Rh3 48. Nb5 Rxh6 49. Nxa7 Rh2 50. a4 Rh3 51. Nb5 Rf4+ 52. Kd5 Rd3+ 53. Ke6 Re4+ 54. Kd7 Re5 55. Rg4 h5 56. Rg6 Kh7 57. Rg1 d5 58. c5 Rxb3 59. Kc7 d4 60. Kd6 Re2 61. Rg5 Kh6 62. Rd5 Rb4 63. Nxd4 Rh2 64. Kc7 h4 65. Nf5+ Kg5 66. a5 Rhb2 67. Nd6+ Kg4 68. Nc8 h3 69. Rd7 Kg3 70. Rg7+ Rg4 71. Rh7 h2 72. Rxh2 Kxh2 73. Nb6 Rg7+ 74. Kb8 Rb5 0-1

[Event "Drummondville"]
[Site "Drummondville CAN"]
[Date "1997.08.16"]
[Round "3"]
[White "Wenaas, Eric"]
[Black "Rousseau, Daniel"]
[Result "1-0"]
[WhiteElo "2119"]
[BlackElo "2017"]
[PlyCount "119"]
[GameId "2160767911932208"]
[EventDate "1997.08.15"]
[EventType "swiss"]
[EventRounds "5"]
[EventCountry "CAN"]
[SourceTitle "hb 2011"]

1. c4 Nf6 2. Nf3 g6 3. g3 Bg7 4. Bg2 O-O 5. O-O d6 6. Nc3 e5 7. d3 Nc6 8. Rb1 Bd7 9. b4 a6 10. a4 Re8 11. b5 axb5 12. axb5 Na5 13. Bg5 h6 14. Bxf6 Bxf6 15. Nd5 c6 16. Nxf6+ Qxf6 17. Nd2 Qe7 18. Ne4 f5 19. Nc3 Qf6 20. Qd2 Kh7 21. bxc6 bxc6 22. Rb6 e4 23. Rfb1 Qd4 24. Qb2 Kg8 25. Nd1 Qxb2 26. R6xb2 exd3 27. exd3 Re1+ 28. Bf1 f4 29. gxf4 Bh3 30. Ne3 Rxb1 31. Rxb1 Be6 32. Bg2 Kf8 33. Kf1 Ke7 34. Ke2 Kd8 35. Be4 Kc7 36. Ra1 Bf7 37. f5 g5 38. Ng4 h5 39. Nh6 Be8 40. f6 Kb6 41. Bf5 c5 42. Be4 Rd8 43. f7 Bc6 44. f3 Bxe4 45. fxe4 Nc6 46. Rf1 Rf8 47. Ke3 Kc7 48. Rf5 Kd7 49. Rxg5 Ke7 50. Rxh5 Ne5 51. Rf5 Rh8 52. f8=Q+ Rxf8 53. Rxf8 Kxf8 54. Nf5 Nf7 55. h4 Ke8 56. h5 Kd7 57. h6 Ng5 58. Kf4 Nf7 59. h7 Ke6 60. Kg4 1-0

[Event "Drummondville"]
[Site "Drummondville CAN"]
[Date "1997.08.17"]
[Round "4"]
[White "Mikanovic, Goran"]
[Black "Teuton, Frank"]
[Result "1/2-1/2"]
[WhiteElo "2318"]
[BlackElo "2149"]
[PlyCount "44"]
[GameId "2160767911932212"]
[EventDate "1997.08.15"]
[EventType "swiss"]
[EventRounds "5"]
[EventCountry "CAN"]

1. d4 Nf6 2. Nf3 g6 3. c4 c5 4. Nc3 cxd4 5. Nxd4 Nc6 6. e4 Nxd4 7. Qxd4 d6 8. Be2 Bg7 9. Bg5 h6 10. Be3 O-O 11. Qd2 Kh7 12. f3 Be6 13. O-O Rc8 14. b3 Qa5 15. Rac1 a6 16. Na4 Qxd2 17. Bxd2 Nd7 18. Be3 f5 19. exf5 gxf5 20. Nb6 Nxb6 21. Bxb6 Rc6 22. Bf2 d5 1/2-1/2

[Event "Drummondville"]
[Site "Drummondville CAN"]
[Date "1997.08.07"]
[Round "5"]
[White "Teuton, Frank"]
[Black "Hua, Lefong"]
[Result "1-0"]
[WhiteElo "2149"]
[BlackElo "2210"]
[PlyCount "65"]
[GameId "2160767911932214"]
[EventDate "1997.08.15"]
[EventType "swiss"]
[EventRounds "5"]
[EventCountry "CAN"]

1. e4 c5 2. Nf3 d6 3. d4 cxd4 4. Nxd4 Nf6 5. Nc3 g6 6. g3 Bg7 7. Bg2 O-O 8. O-O Nc6 9. Nde2 Be6 10. Nd5 Rc8 11. h3 b5 12. c3 Qd7 13. Kh2 Qb7 14. Bg5 Bxd5 15. exd5 Ne5 16. f4 Nc4 17. f5 Nxb2 18. Qb3 Nc4 19. fxg6 hxg6 20. Nd4 Rc5 21. a4 a6 22. axb5 axb5 23. Nc6 Nh7 24. Bc1 e6 25. Ra7 Qb6 26. Qa2 e5 27. Qf2 Bf6 28. Bh6 Re8 29. Be4 b4 30. Ne7+ Kh8 31. Nxg6+ fxg6 32. Rxh7+ Kxh7 33. Qxf6 1-0